Zoología general

Zapisane w:
Opis bibliograficzny
Główni autorzy: Storer, Tracy Irwin (Autor), Usinger, Robert L (Autor)
Format: Książka
Język:hiszpański
Wydane: Barcelona Omega 1960
Hasła przedmiotowe:
Etykiety: Dodaj etykietę
Nie ma etykietki, Dołącz pierwszą etykiete!

MARC

LEADER 00000nam a2200000 a 4500
001 UCY3384
003 CL-VaPUC
008 941226e19600000SP |||||||||||||||||spa|d
082 0 4 |a 591  |b STO  |2 21 
100 0 |a Storer, Tracy Irwin  |e author  |9 331658 
700 0 |a Usinger, Robert L  |e author  |9 331659 
245 1 0 |a Zoología general 
300 |a 1003 p 
942 |c BK 
945 |d 19941226 00:00:00  |a mfernand 
260 |a Barcelona  |b Omega  |c 1960 
650 0 |a Zoología  |9 261613 
583 |a last modification  |c 19941226 00:00:00  |k Rodrigo Vera 
999 |c 231537  |d 231535 
952 |0 0  |1 0  |4 0  |6 591_000000000000000_STO_1960  |7 0  |8 CCM  |9 234876  |a BIBCUR  |b BIBCUR  |d 2019-11-15  |i 3047806  |o 591 STO 1960  |p 3047806  |r 2025-04-22  |w 2019-11-15  |y BK_R  |k CIM 
952 |0 0  |1 0  |4 0  |6 591_000000000000000_STO_1960  |7 0  |8 A  |9 234877  |a BIBCUR  |b BIBCUR  |d 2019-11-15  |i 3137236  |o 591 STO 1960  |p 3137236  |r 2025-04-22  |w 2019-11-15  |y BK  |k BCB